000
00297nam a2200121Ia 4500
008
191201s2011 xx 000 0 und d
100
_a
CHAWLA,Deepak
245
0
_a
Research Methodology
260
_c
2011
_b
Vikas Publication House
_a
N. delhi
300
_a
670
650
_a
MBA
942
_2
ddc
_c
BB
_0
39
999
_c
7696
_d
7696